Keynes, su tiempo y el nuestro / (Registro nro. 5549)
[ vista simple ]
| 000 -LEADER | |
|---|---|
| fixed length control field | 01216nam a2200289Ia 4500 |
| 003 - CONTROL NUMBER IDENTIFIER | |
| control field | OSt |
| 005 - DATE AND TIME OF LATEST TRANSACTION | |
| control field | 20200626172017.0 |
| 008 - FIXED-LENGTH DATA ELEMENTS--GENERAL INFORMATION | |
| fixed length control field | 191128s2012 sp ad gr 001 0dspa d |
| 020 ## - INTERNATIONAL STANDARD BOOK NUMBER | |
| International Standard Book Number | 9788494016103 |
| 040 ## - CATALOGING SOURCE | |
| Original cataloging agency | CO-JMCR |
| Transcribing agency | CO-JMCR |
| 041 0# - LANGUAGE CODE | |
| Language code of text/sound track or separate title | spa |
| 082 04 - DEWEY DECIMAL CLASSIFICATION NUMBER | |
| Classification number | 330.156 / |
| Item number | R646k |
| Edition number | 23 |
| 100 1# - MAIN ENTRY--PERSONAL NAME | |
| Personal name | Rojo, Luis Ángel, |
| Relator term | autor |
| 9 (RLIN) | 6265 |
| 245 10 - TITLE STATEMENT | |
| Title | Keynes, su tiempo y el nuestro / |
| Statement of responsibility, etc. | Luis Ángel Rojo ; prólogo de Julio Segura |
| 250 ## - EDITION STATEMENT | |
| Edition statement | Primera edición |
| 260 ## - PUBLICATION, DISTRIBUTION, ETC. | |
| Place of publication, distribution, etc. | España : |
| Name of publisher, distributor, etc. | El hombre del tres, |
| Date of publication, distribution, etc. | 2012. |
| 300 ## - PHYSICAL DESCRIPTION | |
| Extent | 382 páginas : |
| Other physical details | gráficos a blanco y negro ; |
| Dimensions | 21 cm. |
| 490 0# - SERIES STATEMENT | |
| Series statement | Economía ; |
| Volume/sequential designation | 2 |
| 500 ## - GENERAL NOTE | |
| General note | Incluye índice onomástico páginas 377-382. |
| 504 ## - BIBLIOGRAPHY, ETC. NOTE | |
| Bibliography, etc. note | Incluye datos biográficos del autor en la solapa. |
| 505 0# - FORMATTED CONTENTS NOTE | |
| Formatted contents note | Maynard Keynez: una introducción -- Las consecuencias económicas de la guerra y la paz -- Auri sacra fames -- La lucha contra el paro y las restricciones del patrón oro -- Los años de la "teoría general" -- Los problemas de la guerra |
| 650 14 - SUBJECT ADDED ENTRY--TOPICAL TERM | |
| Topical term or geographic name entry element | Keynes, John Maynard, |
| Chronological subdivision | 1883-1946 |
| 9 (RLIN) | 6266 |
| 650 24 - SUBJECT ADDED ENTRY--TOPICAL TERM | |
| Topical term or geographic name entry element | Crítica e interpretación |
| 9 (RLIN) | 6267 |
| 650 24 - SUBJECT ADDED ENTRY--TOPICAL TERM | |
| Topical term or geographic name entry element | Economía Keynesiana |
| 9 (RLIN) | 4935 |
| 700 1# - ADDED ENTRY--PERSONAL NAME | |
| Personal name | Segura, Julio, |
| Relator term | prologuista |
| 9 (RLIN) | 6268 |
| 942 ## - ADDED ENTRY ELEMENTS (KOHA) | |
| Source of classification or shelving scheme | Dewey Decimal Classification |
| Koha item type | Books |
| Withdrawn status | Lost status | Source of classification or shelving scheme | Materials specified (bound volume or other part) | Damaged status | Not for loan | Home library | Current library | Shelving location | Date acquired | Source of acquisition | Cost, normal purchase price | Total Checkouts | Full call number | Barcode | Date last seen | Copy number | Price effective from | Koha item type |
|---|---|---|---|---|---|---|---|---|---|---|---|---|---|---|---|---|---|---|
| Dewey Decimal Classification | Donación--15/04/2018-- | Biblioteca Pública José María del Castillo y Rada | Biblioteca Pública José María del Castillo y Rada | General Stacks | 11/28/2019 | Donación | 0.00 | 330.156 / R646k | 430002068 | 05/16/2024 | Ej.1 | 11/28/2019 | Books |